MISAL PARA TODOS LOS DOMINGOS Y FIESTA DEL AÑO

محفوظ في:
التفاصيل البيبلوغرافية
المؤلف الرئيسي: Guinea Ramos, Wifredo (autor)
التنسيق: كتاب
الوسوم: إضافة وسم
لا توجد وسوم, كن أول من يضع وسما على هذه التسجيلة!

MARC

LEADER 00000nam^a2200000^a^4500
001 000205275
005 20250521000000.0
009 20260310103111.809
035 |a 004273 
037 |a Acervo Xavier Clavigero 
082 |a 255.  |b GUI 
100 |a Guinea Ramos, Wifredo  |e (autor) 
245 1 0 |a MISAL PARA TODOS LOS DOMINGOS Y FIESTA DEL AÑO 
264 |a MEXICO :  |b IDEAS Y SERVICIOS,  |c 1981 
336 |a texto  |b txt  |2 rdacontenido 
337 |a sin mediación  |b n  |2 rdamedio 
338 |a volumen  |b nc  |2 rdasoporte 
649 |a XX 
910 |a Fondo General 
920 |a Impresos - Libros 
930 |a Colección General 
905 |a 101 
901 |a 004273  |b IT1  |c ACC  |i 004273  |u 20250521 
902 |a https://opac.biblio.iteso.mx/vufind/Record/000205275